| 000 | 00992nam a22001457a 4500 | ||
|---|---|---|---|
| 999 |
_c518927 _d518927 |
||
| 008 | 211227b ||||| |||| 00| 0 eng d | ||
| 100 |
_aVijayan, Suchitra _932410 |
||
| 245 | _aNational insecurity: How "The family man" champions the carceral security state | ||
| 260 | _aThe Caravan | ||
| 300 | _aJuly, 2021: p.26-31 | ||
| 520 | _aThe second season of The Family Man begins with Srikant Tiwari, a former intelligence officer of TASC—a fictitious intelligence agency akin to the Research & Analysis Wing—working at an IT company. He writes “TPS reports” for an overbearing boss who calls him the “minimum guy.” He has replaced eating vada pav at ungodly hours on the streets with overpriced salads. He drops and picks up his kids from school, pines for his old job and is concerned about the newly-formed government in Pakistan—all the while trying to salvage his crumbling marriage. – Reproduced | ||
| 773 | _aThe Caravan | ||
| 906 | _aINTERNAL SECURITY | ||
| 942 | _cAR | ||